Glass walls : (Record no. 170482)

MARC details
000 -LEADER
fixed length control field 00666nam a2200193 4500
005 - DATE AND TIME OF LATEST TRANSACTION
control field 20191216163434.0
010 ## - LCCN (DPL NO)
LC control number ENG-127156
020 ## - INTERNATIONAL STANDARD BOOK NUMBER
International Standard Book Number 9789352876792
Terms of availability 455.00
035 ## - SYSTEM CONTROL NUMBER
System control number EN-110688
037 ## - SOURCE OF ACQUISITION
Source of stock number/acquisition DBAD/PUB
082 ## - DEWEY DECIMAL CLASSIFICATION NUMBER
Classification number S
245 ## - TITLE STATEMENT
Title Glass walls :
Statement of responsibility, etc ed.by Meenakshi Bharat [and] Sharon Rundle
Remainder of title stories of tolerance and intolerance from the Indian subcontinent and Australia /
260 ## - PUBLICATION, DISTRIBUTION, ETC. (IMPRINT)
Place of publication, distribution, etc Hyderabad
Name of publisher, distributor, etc Orient Blankswan Private
Date of publication, distribution, etc 2019
270 ## - ADDRESS
Address 3-6-752 Himayatnagar, Hyderabad
City Telangana
Postal code 500029
Electronic mail address indo@orientblackswan.com
300 ## - PHYSICAL DESCRIPTION
Extent xvi;200p .
Dimensions 21cm(pbk)
700 ## - ADDED ENTRY--PERSONAL NAME
Personal name Bharat, Meenakshi
700 ## - ADDED ENTRY--PERSONAL NAME
Personal name Rundle, Sharon
942 ## - ADDED ENTRY ELEMENTS (KOHA)
Source of classification or shelving scheme Dewey Decimal Classification
Item type English Books
Classification part S
Call number suffix GLA
Holdings
Withdrawn status Lost status Not for loan Collection code Home library Current library Date acquired Source of acquisition Cost, normal purchase price Full call number Barcode Copy number Cost, replacement price Koha item type
      Fiction Bawana Bawana 16/12/2019 DBAD/PUB 455.00 S GLA EN-110688 1 455.00 English Books

© Delhi Public Library
Hit Counter
free hit counter